000 00294nam a22001337a 4500
008 170418b xxu||||| |||| 00| 0 eng d
020 _a9780716719816
041 _aeng
080 _22ND
_a573
100 _a11
101 _aSHM
245 _aMOLECULAR CELL BIOLOGY
_cDARNELL
942 _2udc
_cBK
999 _c11049
_d11049